000 00370nam a22001337a 4500
003 SGT
020 _a8173152667
082 _a200
_bD99S
100 _aशर्मा, मनु
245 _a युरभिसन्धि: कृष्ण की आत्मकथा
260 _b प्रभात प्रकाशन
_c1999
300 _a446
942 _2ddc
_cBK
999 _c31667
_d31667